MARC

LEADER 00000nam0a2200000 4500
001 256171
005 20231101233106.0
035 |a (RuTPU)RU\TPU\book\278821 
090 |a 256171 
100 |a 20140405d1987 k y0rusy50 ca 
101 0 |a rus 
102 |a LV 
105 |a a z 001zy 
200 1 |a Логическое проектирование сетевых информационных систем на базе мини-ЭВМ  |f В. В. Пирогов [и др.]  |g Академия наук Латвийской ССР (АН ЛатССР), Институт электроники и вычислительной техники (ИЭиВТ) 
210 |a Рига  |c Зинатне  |d 1987 
215 |a 267 с.  |c ил. 
320 |a Библиогр.: с. 252-261. 
320 |a Предметный указатель: с. 262-264. 
606 1 |a Информация  |x Обработка на вычислительных машинах  |2 stltpush  |3 (RuTPU)RU\TPU\subj\12980  |9 39671 
610 1 |a информационные системы 
610 1 |a логические системы 
610 1 |a проектирование 
610 1 |a мини-ЭВМ 
610 1 |a архитектура 
610 1 |a логическое проектирование 
610 1 |a инструментарий 
610 1 |a технические средства 
675 |a 681.3.01  |v 3 
701 1 |a Пирогов  |b В. В. 
701 1 |a Алашеев  |b А. Е. 
701 1 |a Гришанов  |b П. А. 
701 1 |a Олевский  |b С. М. 
712 0 2 |a Академия наук Латвийской ССР (АН ЛатССР)  |b Институт электроники и вычислительной техники (ИЭиВТ)  |2 stltpush  |3 (RuTPU)RU\TPU\col\6601 
801 1 |a RU  |b 63413507  |c 20140405 
801 2 |a RU  |b 63413507  |c 20160825  |g RCR 
942 |c BK